000 00490nam a2200181Ia 4500
005 20250326124207.0
008 250326s9999 xx 000 0 und d
037 _aTextbook
040 _aFMSL
_beng
_cFMSL
041 _aeng
_2eng
084 _aX:51 K7;4
_qFMSL
100 _aFisk G
_9736248
245 0 _aMarketing systems: introductory analysis
_cFisk G
260 _aNY
_bNY, Harper & Row
_c1967
300 _a797p
942 _cTB
_hX:51 K7;4
999 _c1272675
_d1272675